Wszystkie kluby w UEFA cz.1 - Statystyki

Ogólne statystyki
  • Ten quiz został rozwiązany 27 razy
    22 od ostatniego zresetowania
  • Średni wynik to 66 z 484
Statystyki odpowiedzi
Liga Nazwa klubu % Poprawnych
Admiral Bundesliga (Austria) Austria Wiedeń
100%
Admiral Bundesliga (Austria) Rapid Wiedeń
85%
Admiral Bundesliga (Austria) Red Bull Salzburg
77%
Jupiler League (Belgia) Genk
69%
Jupiler League (Belgia) Gent
69%
Premier League (Anglia) Arsenal
62%
Premier League (Anglia) Aston Villa
62%
Jupiler League (Belgia) Cercle Brugge
62%
SuperSport Hrvatska nogometna liga (Chorwacja) Dinamo Zagrzeb
62%
Premier League (Anglia) Liverpool
62%
Azerbaijan Premier League (Azerbejdżan) Qarabag
62%
Admiral Bundesliga (Austria) Sturm Graz
62%
Eredivisie (Holandia) Ajax
54%
Jupiler League (Belgia) Anderlecht
54%
Protathlima A’ Kategorias (Cypr) APOEL
54%
Premier League (Anglia) Chelsea
54%
Jupiler League (Belgia) Club Brugge
54%
efbet League (Bułgaria) CSKA Sofia
54%
Premier League (Anglia) Everton
54%
SuperSport Hrvatska nogometna liga (Chorwacja) Hajduk Split
54%
Admiral Bundesliga (Austria) LASK
54%
Premier League (Anglia) Leicester City
54%
Premier League (Anglia) Manchester City
54%
Premier League (Anglia) Manchester United
54%
Premier League (Anglia) Newcastle United
54%
Eredivisie (Holandia) PSV
54%
Jupiler League (Belgia) Standard Liege
54%
Admiral Bundesliga (Austria) Wolfsberger
54%
Stoiximan Super League (Grecja) AEK Ateny
46%
LaLiga (Hiszpania) Athletic Bilbao
46%
LaLiga (Hiszpania) Atletico Madryt
46%
Wyszejszaja Liha (Białoruś) BATE Borysów
46%
Premier League (Anglia) Brentford
46%
Premier League (Anglia) Crystal Palace
46%
LaLiga (Hiszpania) FC Barcelona
46%
Eredivisie (Holandia) Feyenoord
46%
Premier League (Anglia) Leeds United
46%
Ligue 1 (Francja) Lens
46%
Ligue 1 (Francja) Lille
46%
Protathlima A’ Kategorias (Cypr) Omonia
46%
LaLiga (Hiszpania) Real Madryt
46%
Jupiler League (Belgia) Royal Antwerp
46%
LaLiga (Hiszpania) Sevilla
46%
Fortuna:Liga (Czechy) Slavia Praga
46%
Premier League (Anglia) Southampton
46%
Fortuna:Liga (Czechy) Sparta Praga
46%
Premier League (Anglia) Tottenham Hotspur
46%
LaLiga (Hiszpania) Valencia
46%
LaLiga (Hiszpania) Villarreal
46%
Premier League (Anglia) West Ham United
46%
3F Superliga (Dania) Aarhus
38%
Ligue 1 (Francja) AS Monaco
38%
2023 Kazakhstan Premier League (Kazachstan) Astana
38%
Premier League (Anglia) Bournemouth
38%
Premier League (Anglia) Brighton & Hove Albion
38%
LaLiga (Hiszpania) Cadiz
38%
3F Superliga (Dania) FC Kopenhaga
38%
Premier League (Anglia) Fulham
38%
Azerbaijan Premier League (Azerbejdżan) Gabala
38%
LaLiga (Hiszpania) Getafe
38%
LaLiga (Hiszpania) Girona
38%
Veikkausliiga (Finlandia) HJK
38%
Ligue 1 (Francja) Lorient
38%
LaLiga (Hiszpania) Mallorca
38%
Optibet Virsliga (Łotwa) Metta/LU
38%
Ligue 1 (Francja) Nantes
38%
Ligue 1 (Francja) Nice
38%
Ligue 1 (Francja) Olympique Lyon
38%
Ligue 1 (Francja) Olympique Marsylia
38%
Ligue 1 (Francja) PSG
38%
LaLiga (Hiszpania) Real Betis
38%
LaLiga (Hiszpania) Real Sociedad
38%
SuperSport Hrvatska nogometna liga (Chorwacja) Rijeka
38%
Eredivisie (Holandia) Twente
38%
Fortuna:Liga (Czechy) Viktoria Pilzno
38%
3F Superliga (Dania) Aalborg
31%
VBET Armenian Premier League (Armenia) Ararat-Armenia
31%
Protathlima A’ Kategorias (Cypr) | Stoiximan Super League (Grecja) Aris
31%
Eredivisie (Holandia) AZ
31%
Fortuna:Liga (Czechy) Banik Ostrawa
31%
Ligue 1 (Francja) Brest
31%
3F Superliga (Dania) Brondby
31%
Crystalbet Erovnuli Liga 2023 (Gruzja) Dinamo Tbilisi
31%
Wyszejszaja Liha (Białoruś) Dynamo Mińsk
31%
LaLiga (Hiszpania) Espanyol
31%
Meistriliiga (Estonia) Flora
31%
Admiral Bundesliga (Austria) Hartberg
31%
Primera Divisió (Andora) Inter Escaldes
31%
Ligue 1 (Francja) Montpellier
31%
Eredivisie (Holandia) NEC
31%
LaLiga (Hiszpania) Osasuna
31%
SuperSport Hrvatska nogometna liga (Chorwacja) Osijek
31%
Stoiximan Super League (Grecja) Panathinaikos
31%
Stoiximan Super League (Grecja) PAOK
31%
LaLiga (Hiszpania) Rayo Vallecano
31%
LaLiga (Hiszpania) Real Valladolid
31%
Fortuna:Liga (Czechy) Sigma Ołomuniec
31%
Eredivisie (Holandia) Sparta Rotterdam
31%
Eredivisie (Holandia) Utrecht
31%
Eredivisie (Holandia) Vitesse
31%
Premier League (Anglia) Wolverhampton Wanderers
31%
Optibet A lyga (Litwa) Zalgiris
31%
LaLiga (Hiszpania) Almeria
23%
Ligue 1 (Francja) Angers
23%
VBET Armenian Premier League (Armenia) Ararat Erywąń
23%
Ligue 1 (Francja) Auxerre
23%
LaLiga (Hiszpania) Celta Vigo
23%
Crystalbet Erovnuli Liga 2023 (Gruzja) Dinamo Batumi
23%
LaLiga (Hiszpania) Elche
23%
Veikkausliiga (Finlandia) KuPS
23%
Meistriliiga (Estonia) Levadia
23%
Gibraltar Football League (Gibraltar) Lincoln Red Imps
23%
Ligat ha'Al (Izrael) Maccabi Tel Aviv
23%
Jupiler League (Belgia) Mechelen
23%
3F Superliga (Dania) Midtjylland
23%
Eliteserien (Norwegia) Molde
23%
Azerbaijan Premier League (Azerbejdżan) Neftci Baku
23%
3F Superliga (Dania) Nordsjaelland
23%
Premier League (Anglia) Nottingham Forest
23%
Stoiximan Super League (Grecja) OFI
23%
Meistriliiga (Estonia) Paide
23%
SSE Airtricity League Premier Division (Irlandia) Shamrock Rovers
23%
Fortuna:Liga (Czechy) Slovan Liberec
23%
Ligue 1 (Francja) Stade Reims
23%
Ligue 1 (Francja) Stade Rennes
23%
Wyszejszaja Liha (Białoruś) Szachcior Soligorsk
23%
Ligue 1 (Francja) Troyes
23%
Liechtenstein Vaduz
23%
M:tel Premier League (Bośnia i Hercegowina) Zrinjski Mostar
23%
Ligue 1 (Francja) Ajaccio
15%
Protathlima A’ Kategorias (Cypr) Anorthosis
15%
Protathlima A’ Kategorias (Cypr) Apollon
15%
Stoiximan Super League (Grecja) Atromitos
15%
Admiral Bundesliga (Austria) Austria Klagenfurt
15%
Bundesliga (Niemcy) Bayer Leverkusen
15%
Bundesliga (Niemcy) Bayern Monachium
15%
Eliteserien (Norwegia) Bodo/Glimt
15%
SSE Airtricity League Premier Division (Irlandia) Bohemians
15%
Bundesliga (Niemcy) Borussia Dortmund
15%
SSE Airtricity League Premier Division (Irlandia) Cork City
15%
Fortuna:Liga (Czechy) Czeskie Budziejowice
15%
BGL Ligue (Luksemburg) Differdange
15%
BGL Ligue (Luksemburg) Dudelange
15%
SSE Airtricity League Premier Division (Irlandia) Dundalk
15%
Bundesliga (Niemcy) Eintracht Frankfurt
15%
Jupiler League (Belgia) Eupen
15%
Gibraltar Football League (Gibraltar) Europa FC
15%
Bundesliga (Niemcy) FC Koln
15%
Primera Divisió (Andora) FC Santa Coloma
15%
Eredivisie (Holandia) Go Ahead Eagles
15%
Eredivisie (Holandia) Groningen
15%
Ligat ha'Al (Izrael) Hapoel Beer Sheva
15%
Eredivisie (Holandia) Heerenveen
15%
Bundesliga (Niemcy) Hertha Berlin
15%
Fortuna:Liga (Czechy) Hradec Kralove
15%
Veikkausliiga (Finlandia) Inter Turku
15%
Fortuna:Liga (Czechy) Jablonec
15%
Optibet A lyga (Litwa) Kauno Zalgiris
15%
Jupiler League (Belgia) Kortrijk
15%
Besta deild karla (Islandia) KR Reykjavik
15%
Kategoria Superiore (Albania) Laci
15%
Ligat ha'Al (Izrael) Maccabi Haifa
15%
Bundesliga (Niemcy) Mainz
15%
Jupiler League (Belgia) Oostende
15%
2023 Kazakhstan Premier League (Kazachstan) Ordabasy
15%
Primera Divisió (Andora) Ordino
15%
Protathlima A’ Kategorias (Cypr) Paphos
15%
Kategoria Superiore (Albania) Partizani Tirana
15%
VBET Armenian Premier League (Armenia) Pyunik
15%
Bundesliga (Niemcy) RB Lipsk
15%
Admiral Bundesliga (Austria) Ried
15%
Veikkausliiga (Finlandia) SJK
15%
Fortuna:Liga (Czechy) Slovacko
15%
Fortuna:Liga (Czechy) Teplice
15%
Crystalbet Erovnuli Liga 2023 (Gruzja) Torpedo Kutaisi
15%
Primera Divisió (Andora) UE Santa Coloma
15%
Bundesliga (Niemcy) Union Berlin
15%
3F Superliga (Dania) Viborg
15%
Eliteserien (Norwegia) Viking
15%
Besta deild karla (Islandia) Vikingur Reykjavik
15%
Jupiler League (Belgia) Westerlo
15%
M:tel Premier League (Bośnia i Hercegowina) Željezničar
15%
Jupiler League (Belgia) Zulte Waregem
15%
2023 Kazakhstan Premier League (Kazachstan) Aktobe
8%
VBET Armenian Premier League (Armenia) Alashkert
8%
Primera Divisió (Andora) Atletic Escaldes
8%
Optibet Virsliga (Łotwa) Auda
8%
Admiral Bundesliga (Austria) Austria Lustenau
8%
ALBI MALL Superleague of Kosovo (Kosowo) Ballkani
8%
Ligat ha'Al (Izrael) Beitar Jerusalem
8%
VBET Armenian Premier League (Armenia) BKMA
8%
Bundesliga (Niemcy) Bochum
8%
Bundesliga (Niemcy) Borussia Monchengladbach
8%
Besta deild karla (Islandia) Breidablik
8%
Meridianbet 1. CFL (Czarnogóra) Buducnost
8%
Kategoria Superiore (Albania) Bylis
8%
NIFL Premiership (Irlandia Północna) Crusaders
8%
SSE Airtricity League Premier Division (Irlandia) Derry City
8%
SSE Airtricity League Premier Division (Irlandia) Drogheda
8%
Wyszejszaja Liha (Białoruś) Dynamo Brześć
8%
Kategoria Superiore (Albania) Egnatia
8%
Primera Divisió (Andora) Engordany
8%
BGL Ligue (Luksemburg) Fola Esch
8%
Eredivisie (Holandia) Fortuna Sittard
8%
Bundesliga (Niemcy) Freiburg
8%
NIFL Premiership (Irlandia Północna) Glentoran
8%
SuperSport Hrvatska nogometna liga (Chorwacja) Gorica
8%
Ligat ha'Al (Izrael) Hapoel Tel Aviv
8%
Bundesliga (Niemcy) Hoffenheim
8%
Veikkausliiga (Finlandia) Honka
8%
Meridianbet 1. CFL (Czarnogóra) Iskra
8%
2023 Kazakhstan Premier League (Kazachstan) Kairat Ałmaty
8%
Kategoria Superiore (Albania) KF Tirana
8%
Kategoria Superiore (Albania) Kukesi
8%
VBET Armenian Premier League (Armenia) Lernayin Artsakh
8%
efbet League (Bułgaria) Levski Sofia
8%
NIFL Premiership (Irlandia Północna) Linfield
8%
SuperSport Hrvatska nogometna liga (Chorwacja) Lokomotiva Zagrzeb
8%
efbet League (Bułgaria) Łudogorec
8%
Veikkausliiga (Finlandia) Mariehamn
8%
Wyszejszaja Liha (Białoruś) Nioman Grodno
8%
Jupiler League (Belgia) OH Leuven
8%
Stoiximan Super League (Grecja) Olympiacos Pireus
8%
Primera Divisió (Andora) Penya Encarnada
8%
1. MFL (Macedonia Północna) Rabotnicki
8%
BGL Ligue (Luksemburg) Racing Luxembourg
8%
3F Superliga (Dania) Randers
8%
Optibet Virsliga (Łotwa) Riga FC
8%
Eliteserien (Norwegia) Rosenborg
8%
Jupiler League (Belgia) Royal Union SG
8%
Meridianbet 1. CFL (Czarnogóra) Rudar
8%
Azerbaijan Premier League (Azerbejdżan) Sabah
8%
Azerbaijan Premier League (Azerbejdżan) Sabail
8%
M:tel Premier League (Bośnia i Hercegowina) Sarajevo
8%
Azerbaijan Premier League (Azerbejdżan) Shamakhi
8%
Super Liga (Mołdawia) Sheriff Tyraspol
8%
VBET Armenian Premier League (Armenia) Shirak
8%
Jupiler League (Belgia) Sint-Truiden
8%
SuperSport Hrvatska nogometna liga (Chorwacja) Slaven Belupo
8%
SSE Airtricity League Premier Division (Irlandia) Sligo Rovers
8%
M:tel Premier League (Bośnia i Hercegowina) Sloboda Tuzla
8%
Besta deild karla (Islandia) Stjarnan
8%
SSE Airtricity League Premier Division (Irlandia) St Patrick's Athletic
8%
Ligue 1 (Francja) Strasbourg
8%
Optibet A lyga (Litwa) Suduva
8%
Crystalbet Erovnuli Liga 2023 (Gruzja) Telavi
8%
Ligue 1 (Francja) Toulouse
8%
Eliteserien (Norwegia) Tromso
8%
Azerbaijan Premier League (Azerbejdżan) Turan Tovuz
8%
M:tel Premier League (Bośnia i Hercegowina) Tuzla City
8%
Optibet Virsliga (Łotwa) Valmiera
8%
VBET Armenian Premier League (Armenia) Van
8%
M:tel Premier League (Bośnia i Hercegowina) Velez Mostar
8%
Bundesliga (Niemcy) VfB Stuttgart
8%
Bundesliga (Niemcy) VfL Wolfsburg
8%
Eredivisie (Holandia) Volendam
8%
Eredivisie (Holandia) Waalwijk
8%
Bundesliga (Niemcy) Werder Brema
8%
Azerbaijan Premier League (Azerbejdżan) Zira
8%
Eliteserien (Norwegia) Aalesund
0%
Protathlima A’ Kategorias (Cypr) AEK Larnaka
0%
Protathlima A’ Kategorias (Cypr) AEL Limassol
0%
1. MFL (Macedonia Północna) Akademija Pandev
0%
2023 Kazakhstan Premier League (Kazachstan) Aksu
0%
Besta deild karla (Islandia) Akureyri
0%
efbet League (Bułgaria) Arda
0%
Meridianbet 1. CFL (Czarnogóra) Arsenal Tivat
0%
Ligat ha'Al (Izrael) Ashdod
0%
Stoiximan Super League (Grecja) Asteras Tripolis
0%
2023 Kazakhstan Premier League (Kazachstan) Atyrau
0%
Bundesliga (Niemcy) Augsburg
0%
NIFL Premiership (Irlandia Północna) Ballymena
0%
Super Liga (Mołdawia) Balti
0%
BOV Premier League (Malta) Balzan
0%
Optibet A lyga (Litwa) Banga
0%
efbet League (Bułgaria) Beore
0%
Wyszejszaja Liha (Białoruś) Biełszyna
0%
BOV Premier League (Malta) Birkirkara
0%
Ligat ha'Al (Izrael) Bnei Sakhnin
0%
Fortuna:Liga (Czechy) Bohemians Praga
0%
M:tel Premier League (Bośnia i Hercegowina) Borac Banja Luka
0%
efbet League (Bułgaria) Botev Płowdiw
0%
efbet League (Bułgaria) Botev Vratsa
0%
Eliteserien (Norwegia) Brann
0%
1. MFL (Macedonia Północna) Bregalnica
0%
Gibraltar Football League (Gibraltar) Bruno's Magpies
0%
Eredivisie (Holandia) Cambuur
0%
NIFL Premiership (Irlandia Północna) Carrick Rangers
0%
2023 Kazakhstan Premier League (Kazachstan) Caspiy
0%
efbet League (Bułgaria) Cherno More
0%
Protathlima A’ Kategorias (Cypr) Chloraka
0%
Ligue 1 (Francja) Clermont Foot
0%
NIFL Premiership (Irlandia Północna) Cliftonville
0%
NIFL Premiership (Irlandia Północna) Coleraine
0%
Gibraltar Football League (Gibraltar) College 1975 FC
0%
efbet League (Bułgaria) CSKA 1948 Sofia
0%
Super Liga (Mołdawia) Dacia Buiucani
0%
Optibet A lyga (Litwa) Dainava
0%
Optibet Virsliga (Łotwa) Daugavpils
0%
Meridianbet 1. CFL (Czarnogóra) Decic
0%
Crystalbet Erovnuli Liga 2023 (Gruzja) Dila Gori
0%
Super Liga (Mołdawia) Dinamo-Auto
0%
ALBI MALL Superleague of Kosovo (Kosowo) Dirta
0%
Protathlima A’ Kategorias (Cypr) Doxa
0%
ALBI MALL Superleague of Kosovo (Kosowo) Drenica
0%
ALBI MALL Superleague of Kosovo (Kosowo) Dukagjini
0%
NIFL Premiership (Irlandia Północna) Dungannon
0%
Optibet A lyga (Litwa) Dziugas
0%
Eredivisie (Holandia) Emmen
0%
Wyszejszaja Liha (Białoruś) Eniergietyk-BDU Mińsk
0%
Kategoria Superiore (Albania) Erzeni
0%
BGL Ligue (Luksemburg) Ettelbruck
0%
Gibraltar Football League (Gibraltar) Europa Point
0%
Eredivisie (Holandia) Excelsior
0%
Wyszejszaja Liha (Białoruś) FC Mińsk
0%
ALBI MALL Superleague of Kosovo (Kosowo) Ferizaj
0%
1. MFL (Macedonia Północna) FK Skopje
0%
Wyszejszaja Liha (Białoruś) FK Słuck
0%
BOV Premier League (Malta) Floriana
0%
Besta deild karla (Islandia) Fram
0%
Besta deild karla (Islandia) Fylkir
0%
Crystalbet Erovnuli Liga 2023 (Gruzja) Gagra
0%
Stoiximan Super League (Grecja) Giannina
0%
ALBI MALL Superleague of Kosovo (Kosowo) Gjilani
0%
Gibraltar Football League (Gibraltar) Glacis United
0%
NIFL Premiership (Irlandia Północna) Glenavon
0%
Wyszejszaja Liha (Białoruś) Gomel
0%
BOV Premier League (Malta) Gudja
0%
BOV Premier League (Malta) Gzira
0%
Besta deild karla (Islandia) Hafnarfjordur
0%
Veikkausliiga (Finlandia) Haka
0%
Eliteserien (Norwegia) Ham-Kam
0%
BOV Premier League (Malta) Hamrun
0%
Ligat ha'Al (Izrael) Hapoel Hadera
0%
Ligat ha'Al (Izrael) Hapoel Haifa
0%
Ligat ha'Al (Izrael) Hapoel Jerusalem
0%
Meistriliiga (Estonia) Harju
0%
Eliteserien (Norwegia) Haugesund
0%
efbet League (Bułgaria) Hebar
0%
Optibet A lyga (Litwa) Hegelmann
0%
BGL Ligue (Luksemburg) Hesperange
0%
BOV Premier League (Malta) Hibernians Paola
0%
3F Superliga (Dania) Horsens
0%
BGL Ligue (Luksemburg) Hostert
0%
M:tel Premier League (Bośnia i Hercegowina) Igman Konjic
0%
Veikkausliiga (Finlandia) Ilves
0%
Stoiximan Super League (Grecja) Ionikos
0%
Wyszejszaja Liha (Białoruś) Isłacz Mińsk
0%
SuperSport Hrvatska nogometna liga (Chorwacja) Istra 1961
0%
Meridianbet 1. CFL (Czarnogóra) Jedinstvo
0%
Optibet Virsliga (Łotwa) Jelgava
0%
BGL Ligue (Luksemburg) Jeunesse Esch
0%
Meridianbet 1. CFL (Czarnogóra) Jezero
0%
BGL Ligue (Luksemburg) Kaerjeng
0%
2023 Kazakhstan Premier League (Kazachstan) Kaisar
0%
Azerbaijan Premier League (Azerbejdżan) Kapaz
0%
Protathlima A’ Kategorias (Cypr) Karmiotissa
0%
Kategoria Superiore (Albania) Kastrioti
0%
Besta deild karla (Islandia) Keflavik
0%
Ligat ha'Al (Izrael) Kiryat Shmona
0%
Besta deild karla (Islandia) Kopavogur
0%
Veikkausliiga (Finlandia) KTP
0%
Meistriliiga (Estonia) Kuressaare
0%
2023 Kazakhstan Premier League (Kazachstan) Kyzylzhar
0%
Veikkausliiga (Finlandia) Lahti
0%
Stoiximan Super League (Grecja) Lamia
0%
NIFL Premiership (Irlandia Północna) Larne
0%
M:tel Premier League (Bośnia i Hercegowina) Leotar
0%
Stoiximan Super League (Grecja) Levadiakos
0%
Optibet Virsliga (Łotwa) Liepaja
0%
Eliteserien (Norwegia) Lillestrom
0%
Gibraltar Football League (Gibraltar) Lions Gibraltar
0%
ALBI MALL Superleague of Kosovo (Kosowo) Llapi
0%
efbet League (Bułgaria) Lokomotiv Płowdiw
0%
efbet League (Bułgaria) Lokomotiv Sofia
0%
3F Superliga (Dania) Lyngby
0%
Gibraltar Football League (Gibraltar) Lynx
0%
Ligat ha'Al (Izrael) Maccabi Bnei Reineh
0%
Ligat ha'Al (Izrael) Maccabi Netanya
0%
1. MFL (Macedonia Północna) Makedonija GP
0%
ALBI MALL Superleague of Kosovo (Kosowo) Malisheva
0%
Gibraltar Football League (Gibraltar) Manchester 62
0%
2023 Kazakhstan Premier League (Kazachstan) Maqtaaral
0%
BOV Premier League (Malta) Marsaxlokk
0%
Super Liga (Mołdawia) Milsami
0%
Fortuna:Liga (Czechy) Mlada Bolesław
0%
BGL Ligue (Luksemburg) Mondercange
0%
BGL Ligue (Luksemburg) Mondorf
0%
Gibraltar Football League (Gibraltar) Mons Calpe
0%
Meridianbet 1. CFL (Czarnogóra) Mornar
0%
BOV Premier League (Malta) Mosta
0%
Wyszejszaja Liha (Białoruś) Naftan
0%
Meistriliiga (Estonia) Narva
0%
Protathlima A’ Kategorias (Cypr) Nea Salamis
0%
Ligat ha'Al (Izrael) Nes Tziona
0%
NIFL Premiership (Irlandia Północna) Newry City
0%
BGL Ligue (Luksemburg) Niedercorn
0%
VBET Armenian Premier League (Armenia) Noah
0%
Meistriliiga (Estonia) Nomme Kalju
0%
Eliteserien (Norwegia) Odd
0%
3F Superliga (Dania) Odense
0%
2023 Kazakhstan Premier League (Kazachstan) Okzhetpes
0%
Protathlima A’ Kategorias (Cypr) Olympiacos Nikozja
0%
Veikkausliiga (Finlandia) Oulu
0%
Stoiximan Super League (Grecja) Panetolikos
0%
Optibet A lyga (Litwa) Panevezys
0%
Protathlima A’ Kategorias (Cypr) Paralimini
0%
Fortuna:Liga (Czechy) Pardubice
0%
Meistriliiga (Estonia) Parnu JK Vaprus
0%
Super Liga (Mołdawia) Petrocub
0%
Meridianbet 1. CFL (Czarnogóra) Petrovac
0%
BOV Premier League (Malta) Pieta Hotspurs
0%
efbet League (Bułgaria) Pirin
0%
1. MFL (Macedonia Północna) Pobeda
0%
NIFL Premiership (Irlandia Północna) Portadown
0%
M:tel Premier League (Bośnia i Hercegowina) Posusje
0%
ALBI MALL Superleague of Kosovo (Kosowo) Prishtina
0%
Optibet Virsliga (Łotwa) RFS
0%
Admiral Bundesliga (Austria) Rheindorf Altach
0%
Optibet A lyga (Litwa) Riteriai
0%
Jupiler League (Belgia) Royal Charleroi
0%
Crystalbet Erovnuli Liga 2023 (Gruzja) Saburtalo Tbilisi
0%
Primera Divisió (Andora) Saint Julia
0%
Crystalbet Erovnuli Liga 2023 (Gruzja) Samgurali
0%
Crystalbet Erovnuli Liga 2023 (Gruzja) Samtredia
0%
Eliteserien (Norwegia) Sandefjord
0%
BOV Premier League (Malta) Santa Lucia
0%
Eliteserien (Norwegia) Sarpsborg
0%
Bundesliga (Niemcy) Schalke
0%
efbet League (Bułgaria) Septemvri Sofia
0%
Jupiler League (Belgia) Seraing
0%
Super Liga (Mołdawia) Sfintul Gheorghe
0%
SSE Airtricity League Premier Division (Irlandia) Shelbourne
0%
1. MFL (Macedonia Północna) Shkendija
0%
1. MFL (Macedonia Północna) Shkupi
0%
Crystalbet Erovnuli Liga 2023 (Gruzja) Shukura
0%
Optibet A lyga (Litwa) Siauliai FA
0%
SuperSport Hrvatska nogometna liga (Chorwacja) Sibenik
0%
1. MFL (Macedonia Północna) Sileks
0%
3F Superliga (Dania) Silkeborg
0%
BOV Premier League (Malta) Sirens
0%
M:tel Premier League (Bośnia i Hercegowina) Siroki Brijeg
0%
efbet League (Bułgaria) Slavia Sofia
0%
Wyszejszaja Liha (Białoruś) Sławija Mozyrz
0%
M:tel Premier League (Bośnia i Hercegowina) Sloga Meridian
0%
Wyszejszaja Liha (Białoruś) Smorgon
0%
efbet League (Bułgaria) Spartak Warna
0%
Eliteserien (Norwegia) Stabaek
0%
Gibraltar Football League (Gibraltar) St Josephs
0%
Eliteserien (Norwegia) Stromsgodset
0%
1. MFL (Macedonia Północna) Struga
0%
Azerbaijan Premier League (Azerbejdżan) Sumgayit
0%
Optibet Virsliga (Łotwa) Super Nova
0%
Meridianbet 1. CFL (Czarnogóra) Sutjeska Niksić
0%
2023 Kazakhstan Premier League (Kazachstan) Szachtar Karaganda
0%
Meistriliiga (Estonia) Tallinna Kalev
0%
Meistriliiga (Estonia) Tammeka
0%
Kategoria Superiore (Albania) Teuta Durres
0%
1. MFL (Macedonia Północna) Tikves
0%
2023 Kazakhstan Premier League (Kazachstan) Tobol
0%
Wyszejszaja Liha (Białoruś) Torpedo Zhodino
0%
ALBI MALL Superleague of Kosovo (Kosowo) Trepca 89
0%
Fortuna:Liga (Czechy) Trinity Zlin
0%
Optibet Virsliga (Łotwa) Tukums 2000
0%
SSE Airtricity League Premier Division (Irlandia) UCD
0%
BGL Ligue (Luksemburg) UNA Strassen
0%
BGL Ligue (Luksemburg) Union Titus Petange
0%
VBET Armenian Premier League (Armenia) Utratu
0%
Eliteserien (Norwegia) Valerenga
0%
BOV Premier League (Malta) Valletta
0%
Besta deild karla (Islandia) Valur
0%
SuperSport Hrvatska nogometna liga (Chorwacja) Varazdin
0%
Besta deild karla (Islandia) Vestmannaeyjar
0%
BGL Ligue (Luksemburg) Victoria Rosport
0%
Kategoria Superiore (Albania) Vllaznia Shkoder
0%
Stoiximan Super League (Grecja) Volos
0%
Veikkausliiga (Finlandia) VPS
0%
BGL Ligue (Luksemburg) Wiltz
0%
Admiral Bundesliga (Austria) WSG Tirol
0%
Fortuna:Liga (Czechy) Zbrojovka Brno
0%
BOV Premier League (Malta) Zebbug
0%
2023 Kazakhstan Premier League (Kazachstan) Zhetsyu
0%
Super Liga (Mołdawia) Zimbru
0%
Nie znaleziono quizów pasujących do podanych kryteriów
Rozkład punktacji
Procent ludzi z każdym wynikiem
Percentyl według liczby udzielonych odpowiedzi
Twoja historia wyników
Nie rozwiązałeś tego quizu od ostatniego zresetowania